| 000 | 00474nam a2200181 a 4500 | ||
|---|---|---|---|
| 005 | 20220523152135.0 | ||
| 008 | 991125s1989 mx 000 0 spa u | ||
| 020 | _a9688232378 | ||
| 035 | _aUPN01000011399 | ||
| 049 | _aCG | ||
| 050 | 4 |
_aQB88 _bH4.4 |
|
| 100 | 1 | _aHerrán, José de la | |
| 245 | 1 | 0 |
_aConstruya su telescopio / _cJosé de la Herrán. |
| 260 |
_aMéxico : _bCONACYT : _bSirius, _c1989. |
||
| 300 | _a125 p. | ||
| 650 | 2 |
_aTelescopios _98394 |
|
| 905 | _aLibro | ||
| 999 |
_c11399 _d11399 |
||